[Event "Olympiad"]
[Site "Bled SLO"]
[Date "2002.10.28"]
[Round "3"]
[White "Andersson,U"]
[Black "Winants,L"]
[Result "1/2-1/2"]
[WhiteElo "2599"]
[BlackElo "2504"]

1.Nf3 Nf6 2.c4 c5 3.g3 d5 4.cxd5 Nxd5 5.Bg2 Nc6 6.Nc3 Nc7 7.Qa4 Bd7 8.Qe4 g6
9.Ne5 Bg7 10.Nxd7 Qxd7 11.O-O Rc8 12.d3 O-O 13.Be3 Ne6 14.Qd5 Qxd5 15.Bxd5 Ned4
16.Rfc1 b6 17.Rab1 Rfd8 18.Bg2 e6 19.Kf1 h6 20.Bxd4 Nxd4 21.e3 Nf5 22.Ke2 Nd6
23.Rc2 f5 24.Rbc1 Kf7 25.a3 Ke7 26.Nb1 g5 27.Nd2 Bf6 28.a4 a5 29.b3 Rb8 30.Nc4 Rd7
31.Bc6 Rc7 32.Bb5 Nxc4 33.Rxc4 Kf7 34.d4 Be7 35.dxc5 Bxc5 36.Rd1 Ke7 37.g4 Rd8
38.Rxd8 Kxd8 39.h3 Ke7 40.Rc1 Bd6  1/2-1/2

[Event "Olympiad"]
[Site "Bled SLO"]
[Date "2002.10.29"]
[Round "4"]
[White "Andersson,U"]
[Black "Galego,L"]
[Result "1-0"]
[WhiteElo "2599"]
[BlackElo "2506"]

1.Nf3 Nf6 2.c4 e6 3.g3 d5 4.d4 dxc4 5.Qa4+ c6 6.Qxc4 b5 7.Qd3 Bb7 8.Bg2 Nbd7
9.O-O Be7 10.Nc3 b4 11.Ne4 c5 12.Nxf6+ Nxf6 13.Be3 Rc8 14.Rac1 Qa5 15.dxc5 O-O
16.Nd4 Bxg2 17.Kxg2 Qxa2 18.Nb3 Rfd8 19.Bd4 Qa4 20.Ra1 Qd7 21.Qf3 Qc7 22.Bxf6 Bxf6
23.Ra2 Ra8 24.Qe4 g6 25.Rc1 a5 26.Rca1 Rdb8 27.Rxa5 Rxa5 28.Rxa5 Bxb2 29.Ra8 Rxa8
30.Qxa8+ Kg7 31.Qe4 Bc3 32.c6 Kf8 33.Qc4 Ke8 34.Qb5 Be5 35.Na5 Bd6 36.e4 f6
37.Nb3 Ke7 38.Nd4 e5 39.Nc2 b3 40.Qxb3 Qxc6 41.Ne3 Kf8 42.Nd5 Kg7 43.Qa2 Qb7
44.Qa4 Kf7 45.Qc4 Kg7 46.Qc1 h5 47.Qc3 Qa6 48.Qb3 Qc6 49.Qa2 Qb7 50.Qa5 Be7
51.Qa4 Kf7 52.Qc4 Kg7 53.Nc7 Qb4 54.Ne8+ Kf8 55.Qxb4 Bxb4 56.Nxf6 Kf7 57.Nd5 Bc5
58.Kf3 Ke6 59.Ke2 Bd4 60.Nb4 g5 61.Nd5 g4 62.f3 gxf3+ 63.Kxf3 Kf7 64.Ne3 Kg6
65.Nf5 Bc5 66.g4 Bb6 67.h4 Bc5 68.Ng3 hxg4+ 69.Kxg4 Be7 70.Ne2 Bb4 71.Ng1 Bd2
72.Nf3 Bf4 73.Ne1 Be3 74.Nd3 Bd4 75.Nb4 Be3 76.Nc6 Kf6 77.Kh5 Bf2 78.Nb4 Ke6
79.Nd3 Bg3 80.Kg4 Bh2 81.Kg5 Bg3 82.h5 Kf7 83.h6 Bh2 84.Kf5  1-0

[Event "Olympiad"]
[Site "Bled SLO"]
[Date "2002.10.30"]
[Round "5"]
[White "Kaidanov,G"]
[Black "Andersson,U"]
[Result "1/2-1/2"]
[WhiteElo "2646"]
[BlackElo "2599"]

1.d4 Nf6 2.c4 e6 3.Nf3 Bb4+ 4.Bd2 Bxd2+ 5.Qxd2 O-O 6.g3 d5 7.Bg2 Nbd7 8.O-O c6
9.Qc2 b6 10.Nbd2 Bb7 11.Rad1 Qe7 12.Rfe1 c5 13.cxd5 Nxd5 14.a3 cxd4 15.Nxd4 Rac8
16.Qb1 Rfd8 17.e4 N5f6 18.N2f3 a6 19.e5 Nd5 20.h4  1/2-1/2

[Event "Olympiad"]
[Site "Bled SLO"]
[Date "2002.11.01"]
[Round "7"]
[White "Andersson,U"]
[Black "Alvarez,Joh"]
[Result "1/2-1/2"]
[WhiteElo "2599"]
[BlackElo "2382"]

1.Nf3 Nf6 2.c4 g6 3.g3 Bg7 4.Bg2 O-O 5.O-O d6 6.Nc3 Nc6 7.d4 a6 8.b3 Rb8
9.e3 b5 10.Qe2 bxc4 11.Qxc4 Nb4 12.Qe2 a5 13.Rd1 Ba6 14.Qd2 Qc8 15.Ba3 c5
16.h3 cxd4 17.Nxd4 Bb7 18.e4 h5 19.Rac1 Qd8 20.Bb2 Na6 21.Qe3 Nd7 22.Ba1 Nac5
23.Nf3 Ba8 24.Nd5 Bxa1 25.Rxa1 Nxe4 26.Qxe4 e6 27.Qf4 Bxd5 28.Qxd6 Rb6 29.Qf4 Rb4
30.Qe3 Qb6 31.Qxb6 Nxb6 32.Ne5 Bxg2 33.Kxg2 a4 34.Nc6 Rb5 35.Rab1 axb3 36.Rxb3 Rxb3
37.axb3 Nd5 38.b4 Ra8 39.Rd3 Ra6 40.b5 Rb6 41.Nd4 Kf8 42.Ra3 e5 43.Nc6 Rxb5
44.Kf3  1/2-1/2

[Event "Olympiad"]
[Site "Bled SLO"]
[Date "2002.11.05"]
[Round "10"]
[White "Andersson,U"]
[Black "Lputian,S"]
[Result "1/2-1/2"]
[WhiteElo "2599"]
[BlackElo "2627"]

1.Nf3 d5 2.d4 Nf6 3.c4 e6 4.Nc3 Be7 5.Bg5 h6 6.Bh4 O-O 7.e3 b6 8.Rc1 Bb7
9.cxd5 Nxd5 10.Bxe7 Qxe7 11.Nxd5 Bxd5 12.a3 Rc8 13.Bc4 Bb7 14.O-O c5  1/2-1/2

[Event "Olympiad"]
[Site "Bled SLO"]
[Date "2002.11.07"]
[Round "12"]
[White "Kakageldyev,A"]
[Black "Andersson,U"]
[Result "1/2-1/2"]
[WhiteElo "2468"]
[BlackElo "2599"]

1.d4 Nf6 2.c4 e6 3.Nc3 d5 4.Bg5 Be7 5.e3 Nbd7 6.Nf3 h6 7.Bh4 O-O 8.Qc2 c5
9.cxd5 Nxd5 10.Bxe7 Qxe7 11.Nxd5 exd5 12.dxc5 Nxc5 13.Be2 Be6 14.O-O Rfc8
15.Nd4 Ne4 16.Qd3 Qb4 17.Qb3 Qxb3  1/2-1/2

[Event "Olympiad"]
[Site "Bled SLO"]
[Date "2002.11.10"]
[Round "14"]
[White "Andersson,U"]
[Black "Movsesian,S"]
[Result "1/2-1/2"]
[WhiteElo "2599"]
[BlackElo "2651"]

1.Nf3 d5 2.d4 Nf6 3.c4 c6 4.cxd5 cxd5 5.Nc3 Nc6 6.Bf4 Bf5 7.e3 e6 8.Ne5 Nxe5
9.Bxe5 Nd7 10.Bg3 a6 11.Bd3 Bxd3 12.Qxd3 Be7 13.O-O O-O  1/2-1/2

[Event "Tch-SWE 2002-3"]
[Site "Sweden SWE"]
[Date "2002.11.16"]
[Round "4"]
[White "Andersson,U"]
[Black "Wedberg,T"]
[Result "1/2-1/2"]
[WhiteElo "2594"]
[BlackElo "2530"]

1.Nf3 c5 2.c4 Nc6 3.d4 cxd4 4.Nxd4 Nf6 5.Nc3 e6 6.a3 Bc5 7.Nb3 Be7 8.e4 O-O
9.Be2 b6 10.O-O Ba6 11.Be3  1/2-1/2

[Event "Tch-SWE 2002-3"]
[Site "Sweden SWE"]
[Date "2003.03.15"]
[Round "10"]
[White "Olsson,L"]
[Black "Andersson,U"]
[Result "1/2-1/2"]
[WhiteElo "2295"]
[BlackElo "2594"]

1.d4 Nf6 2.c4 e6 3.g3 Bb4+ 4.Nd2 d5 5.Bg2 O-O 6.Qc2 Nc6 7.Nf3 dxc4 8.Qxc4 Qd5
9.O-O Bxd2 10.Qxd5 exd5 11.Bxd2 Re8 12.e3 Ne4 13.Rfc1 a5 14.Be1 a4 15.b4 axb3  1/2-1/2

[Event "Tch-SWE 2002-3"]
[Site "Sweden SWE"]
[Date "2003.03.16"]
[Round "11"]
[White "Andersson,U"]
[Black "Timman,J"]
[Result "1/2-1/2"]
[WhiteElo "2594"]
[BlackElo "2594"]

1.Nf3 Nf6 2.c4 e6 3.g3 b6 4.Bg2 Bb7 5.O-O Be7 6.d4 O-O 7.Nc3 Ne4 8.Nxe4 Bxe4
9.Ne1 Bxg2 10.Nxg2 d5 11.Qa4 dxc4 12.Qxc4 c5 13.dxc5 Bxc5 14.Be3 Bxe3 15.Nxe3 Qc8
16.Rfd1 Qb7 17.Rac1 Na6 18.Qc6 Qxc6 19.Rxc6 Rfd8 20.Rxd8+ Rxd8 21.Rc3 Nc5
22.b4 Na4 23.Rc7 a6 24.Kf1 h6 25.Ke1 Rd6 26.Nc4 Rd4 27.a3 b5 28.Ne3  1/2-1/2

[Event "Capablanca Mem Elite"]
[Site "Havana CUB"]
[Date "2003.05.06"]
[Round "1"]
[White "Leitao,R"]
[Black "Andersson,U"]
[Result "1/2-1/2"]
[WhiteElo "2533"]
[BlackElo "2594"]

1.e4 e6 2.d4 d5 3.Nc3 Nf6 4.e5 Nfd7 5.f4 c5 6.Nf3 Nc6 7.Be3 a6 8.Qd2 b5 9.Qf2 Qb6
10.dxc5 Bxc5 11.Bxc5 Qxc5 12.Qxc5 Nxc5 13.Bd3 Bb7 14.O-O O-O-O 15.a3 h6 16.b4 d4
17.Ne2 Na4 18.Be4 Nc3 19.Nxc3 dxc3 20.Rfd1  1/2-1/2

[Event "Capablanca Mem Elite"]
[Site "Havana CUB"]
[Date "2003.05.07"]
[Round "2"]
[White "Andersson,U"]
[Black "Vera,R"]
[Result "1-0"]
[WhiteElo "2594"]
[BlackElo "2546"]

1.Nf3 Nf6 2.c4 e6 3.g3 d5 4.d4 dxc4 5.Qa4+ c6 6.Qxc4 b5 7.Qd3 Bb7 8.Bg2 Nbd7
9.O-O a6 10.Be3 Nd5 11.Nc3 c5 12.dxc5 Nxe3 13.Qxe3 Bxc5 14.Qf4 O-O 15.Rfd1 Qe7
16.Ne5 Nxe5 17.Qxe5 Bxg2 18.Kxg2 Rfd8 19.Rac1 Bb4 20.Ne4 f6 21.Qf4 Rxd1 22.Rxd1 Rd8
23.Rxd8+ Qxd8 24.Nxf6+ gxf6 25.Qxb4 Qd5+ 26.e4 Qxa2 27.Qe7 Qxb2 28.Qxe6+ Kg7
29.Qxa6 b4 30.Qb7+ Kg8 31.Qc8+ Kg7 32.Qd7+ Kg8 33.Qe8+ Kg7 34.Qe7+ Kg8 35.Qd8+ Kg7
36.Qd7+ Kg8 37.h4 h5 38.Qe8+ Kg7 39.Qxh5 Qd4 40.Qg4+ Kf8 41.h5 Qd2 42.h6 Qxh6
43.Qc8+ Kf7 44.Qc4+ Kg7 45.Qxb4 Qc1 46.Qe7+ Kg6 47.Qe8+ Kg7 48.e5 fxe5 49.Qxe5+ Kg8
50.Qe6+ Kg7 51.Qg4+ Kh7 52.Qf5+ Kg7 53.g4 Qc6+ 54.Kg3 Qc7+ 55.Qf4 Qc3+ 56.Qe3  1-0

[Event "Capablanca Mem Elite"]
[Site "Havana CUB"]
[Date "2003.05.08"]
[Round "3"]
[White "Arencibia,W"]
[Black "Andersson,U"]
[Result "1-0"]
[WhiteElo "2520"]
[BlackElo "2594"]

1.d4 Nf6 2.c4 e6 3.Nf3 Bb4+ 4.Nbd2 b6 5.a3 Bxd2+ 6.Bxd2 Bb7 7.Bg5 d6 8.e3 Nbd7
9.Bd3 c5 10.O-O Qc7 11.Nd2 O-O 12.Rc1 e5 13.d5 Rae8 14.f3 Kh8 15.Qc2 h6 16.Bh4 Bc8
17.Kh1 Ng8 18.g4 Ne7 19.Rg1 f6 20.Bf2 Rf7 21.Ne4 Nf8 22.Ng3 g6 23.Rg2 Bd7
24.Rcg1 Qc8 25.Ne4 Qc7 26.f4 f5 27.gxf5 Nxf5 28.Qc3 Kh7 29.h4 Ng7 30.fxe5 dxe5
31.Qc2 Bf5 32.Nc3 Bxd3 33.Qxd3 Qe7 34.Qe4 h5 35.Be1 Qd7 36.Kh2 Nf5  1-0

[Event "Capablanca Mem Elite"]
[Site "Havana CUB"]
[Date "2003.05.09"]
[Round "4"]
[White "Andersson,U"]
[Black "Zapata,A"]
[Result "1-0"]
[WhiteElo "2594"]
[BlackElo "2543"]

1.Nf3 Nf6 2.c4 d6 3.g3 e5 4.Bg2 c6 5.Nc3 Be7 6.O-O O-O 7.e4 Nbd7 8.d4 Qc7
9.Rb1 a6 10.b4 b5 11.dxe5 Nxe5 12.Nxe5 dxe5 13.c5 Be6 14.Qc2 Rfd8 15.Rd1 Rxd1+
16.Nxd1 Rd8 17.Ne3 g6 18.Bb2 Ng4 19.Nf1 Bg5 20.Rd1 h5 21.h3 Rxd1 22.Qxd1 Nh6
23.f4 Bf6 24.Qd2 Kh7 25.Nh2 Bg7 26.Nf3 exf4 27.Ng5+ Kg8 28.Bxg7 Kxg7 29.gxf4 Qd7
30.Qxd7 Bxd7 31.Nf3 f6 32.e5 Nf7 33.exf6+ Kxf6 34.Nd4 Nd8 35.h4 Ne6 36.Nxe6 Kxe6
37.Kf2 Kf6 38.Ke3 Ke7 39.Kd4 Kf6 40.a3 Be8 41.Be4 Bd7 42.Kc3 Be8 43.Kb2 Bd7
44.a4  1-0

[Event "Capablanca Mem Elite"]
[Site "Havana CUB"]
[Date "2003.05.10"]
[Round "5"]
[White "Ikonnikov,V"]
[Black "Andersson,U"]
[Result "1/2-1/2"]
[WhiteElo "2546"]
[BlackElo "2594"]

1.d4 Nf6 2.Nf3 e6 3.c4 Bb4+ 4.Bd2 Bxd2+ 5.Qxd2 O-O 6.Nc3 d5 7.e3 Qe7 8.cxd5 exd5
9.Bd3 Nc6 10.h3 Rd8 11.Qd1 Ne4  1/2-1/2

[Event "Capablanca Mem Elite"]
[Site "Havana CUB"]
[Date "2003.05.11"]
[Round "6"]
[White "Andersson,U"]
[Black "Gonzalez,Y"]
[Result "1/2-1/2"]
[WhiteElo "2594"]
[BlackElo "2473"]

1.Nf3 Nf6 2.c4 e6 3.g3 d5 4.d4 dxc4 5.Qa4+ Nbd7 6.Bg2 a6 7.Nc3 Rb8 8.Qxc4 b5
9.Qd3 Bb7 10.O-O c5 11.dxc5 Bxc5 12.Bf4 Rc8 13.Rad1 O-O 14.Ne5 Bxg2 15.Kxg2 Nxe5
16.Bxe5 Be7 17.Qxd8 Rfxd8 18.Rxd8+ Rxd8 19.Rc1 Rc8 20.Bf4 Kf8 21.Kf3 Ke8
22.e4 Nd7 23.Ne2 Rxc1 24.Nxc1 f5 25.g4 g6 26.h3 Nc5 27.exf5 exf5 28.gxf5 gxf5
29.Be3 Ne6 30.Ne2 Kf7 31.b3 Bf6 32.Nc1 Be5 33.Nd3 Bd6 34.Bc1 Kf6 35.Be3 Kf7
36.Bc1 Kf6 37.Be3  1/2-1/2

[Event "Capablanca Mem Elite"]
[Site "Havana CUB"]
[Date "2003.05.15"]
[Round "9"]
[White "Morovic Fernandez,I"]
[Black "Andersson,U"]
[Result "1/2-1/2"]
[WhiteElo "2551"]
[BlackElo "2594"]

1.d4 Nf6 2.c4 e6 3.Nc3 Bb4 4.Qc2 d6 5.a3 Bxc3+ 6.Qxc3 Nbd7 7.g3 O-O 8.Bg2 c5
9.dxc5 Nxc5 10.Nf3 b6 11.b4 Nce4 12.Qd3 Bb7 13.Ng5 d5 14.cxd5 Nxg5 15.Bxg5 Bxd5
16.Bxf6  1/2-1/2

[Event "TCh-SWE 2003-4"]
[Site "Malmo SWE"]
[Date "2003.11.09"]
[Round "1"]
[White "Olausson,C"]
[Black "Andersson,U"]
[Result "1/2-1/2"]
[WhiteElo "2272"]
[BlackElo "2566"]

1.Nf3 d5 2.d4 Nf6 3.c4 e6 4.Nc3 Nbd7 5.Bg5 Be7 6.e3 h6 7.Bh4 O-O 8.Rc1 c6
9.Bd3 dxc4 10.Bxc4 b5 11.Bd3 a6 12.O-O c5 13.dxc5 Nxc5 14.Bb1 Qxd1 15.Rfxd1  1/2-1/2

[Event "TCh-ESP Final"]
[Site "Sanxenxo ESP"]
[Date "2003.11.18"]
[Round "2"]
[White "Oms Pallise,J"]
[Black "Andersson,U"]
[Result "1/2-1/2"]
[WhiteElo "2498"]
[BlackElo "2566"]

1.d4 Nf6 2.c4 e6 3.Nf3 d5 4.Nc3 Nbd7 5.cxd5 exd5 6.Qc2 c6 7.Bg5 Be7 8.e3 Nh5
9.h4 h6 10.Bf4 Nxf4 11.exf4 Bd6 12.Ne5 O-O 13.O-O-O Re8 14.Kb1 Nf8 15.g3 f6
16.Ng6 Bg4 17.Rc1 Qb6 18.Nxf8 Kxf8 19.Qd3 Bb4 20.f3 Bxc3 21.Qxc3 Bf5+ 22.Ka1 Re7
23.g4 Bh7 24.f5 Rae8 25.Bd3 Re3 26.Rhe1 Rxe1 27.Rxe1 Rxe1+ 28.Qxe1 Bg8 29.Qc3 Bf7
30.a3 Be8 31.Kb1 Kf7 32.Bc2 Qc7 33.Qe3 Bd7 34.f4 Qd6 35.g5 Kf8 36.Qf3 Qe7
37.Qc3 b6 38.Qb4 Qxb4 39.axb4 Ke7 40.Bd3 Kd6 41.Kc2 a5 42.Kc3 axb4+ 43.Kxb4 c5+
44.Kc3 Kc6 45.b3 Bc8 46.Bc2 Ba6 47.Bd1 Bf1 48.Bh5 Bg2 49.Be8+ Kd6 50.Bf7 Be4
51.Bg6 Kd7 52.Bf7 Ke7 53.Bg6 Bf3 54.Bh7 Bh5 55.Bg8 Kd6 56.Bh7 Bd1 57.b4 Bh5
58.Bg8 Kc6 59.bxc5 bxc5 60.gxh6 gxh6 61.Be6 Be8 62.Bg8 Kd6 63.Be6 Bc6 64.Bf7 Bd7
65.Bg6 Bc8 66.Bh7 Ba6 67.Bg8 Bb5 68.Be6 Be2 69.Bg8 Bg4 70.Be6 Kc6 71.Bc8 Bh5
72.Be6 Kd6 73.Bg8 Be8 74.Be6 Bb5 75.Bg8 Bd7 76.Bh7 Kc6 77.Bg6 Kb5 78.Bf7 Bc6
79.Be6 c4 80.Bg8 Ka4 81.Bf7 Ka3 82.Be6 Ka2 83.Kc2 Ka3 84.Kc3 Ka4 85.Bg8 Kb5
86.Be6 Kb6 87.Kb4 Kc7 88.Bg8 Kd6 89.Kc3 Bd7 90.Bh7 Ke7 91.Bg8  1/2-1/2

[Event "TCh-ESP Final"]
[Site "Sanxenxo ESP"]
[Date "2003.11.19"]
[Round "3"]
[White "Andersson,U"]
[Black "Spitzer Isbert,R"]
[Result "1-0"]
[WhiteElo "2566"]
[BlackElo "2129"]

1.Nf3 Nf6 2.c4 g6 3.g3 Bg7 4.Bg2 O-O 5.O-O d6 6.Nc3 Nc6 7.d4 e5 8.dxe5 Nxe5
9.b3 Nxf3+ 10.Bxf3 Re8 11.Bb2 Nd7 12.Qd2 a5 13.Rfd1 Nc5 14.Nd5 Be6 15.Bxg7 Kxg7
16.Qd4+ f6 17.Nc3 Bd7 18.Rab1 Bc6 19.Bd5 Qe7 20.a3 Qe5 21.e3 Qxd4 22.exd4 Ne6
23.Bxe6  1-0

[Event "TCh-SWE 2003-4"]
[Site "Goteborg SWE"]
[Date "2004.02.28"]
[Round "8"]
[White "Andersson,U"]
[Black "Ivanov,Se1"]
[Result "1-0"]
[WhiteElo "2570"]
[BlackElo "2544"]

1.Nf3 Nf6 2.c4 e6 3.g3 a6 4.Bg2 b5 5.b3 c5 6.O-O Bb7 7.Nc3 Qb6 8.e3 Be7 9.Qe2 O-O
10.Bb2 Nc6 11.Rfd1 d5 12.cxb5 axb5 13.Qxb5 Qc7 14.Qe2 Ba6 15.d3 e5 16.e4 Rad8
17.Rac1 Rfe8 18.a3 Nd4 19.Nxd4 exd4 20.Nxd5 Nxd5 21.exd5 Bg5 22.Qc2 Bxc1
23.Rxc1 Qb6 24.h4 Rb8 25.b4 cxb4 26.Qd2 bxa3 27.Bxa3 Rbc8 28.Be4 Rxc1+ 29.Qxc1 Qb3
30.d6 Qc3 31.Bb2 Qxc1+ 32.Bxc1 Bb5 33.Kg2 g6 34.g4 Bd7 35.Kg3 Bxg4 36.Kxg4 f5+
37.Bxf5 gxf5+ 38.Kxf5 Kf7 39.Bg5 h6 40.d7  1-0

[Event "TCh-SWE 2003-4"]
[Site "Goteborg SWE"]
[Date "2004.03.13"]
[Round "10"]
[White "Andersson,U"]
[Black "Djurhuus,R"]
[Result "1/2-1/2"]
[WhiteElo "2570"]
[BlackElo "2483"]

1.Nf3 c5 2.c4 g6 3.d4 Bg7 4.e4 cxd4 5.Nxd4 Nc6 6.Be3 Nf6 7.Nc3 Ng4 8.Qxg4 Nxd4
9.Qd1 Ne6 10.Qd2 Qa5 11.Rc1 b6 12.b3 Bb7 13.Nd5 Qxd2+ 14.Kxd2 Rc8 15.f3 f5
16.Bd3 Nc5 17.exf5 Nxd3 18.Kxd3 gxf5 19.Rhe1 e6 20.Bd4 Kf7 21.Bxg7 Kxg7 22.Nc3 Kf6
23.Ke3 Rhg8 24.Kf2 Rg7 25.Ne2 e5 26.g3 h5 27.h4 d6 28.Red1 Ke6 29.Re1 Kd7
30.Rc3 Rcg8 31.f4 Be4 32.b4 Ke6 33.Rec1 Rc8 34.c5 bxc5 35.bxc5 d5 36.c6 Rgc7
37.fxe5 Kxe5 38.Ke3 a6 39.Kf2 Rb8 40.Rb3 Rbc8 41.Rb6 Bd3 42.Nf4 Bc4 43.Nxh5 Rxc6
44.Rxc6 Rxc6 45.Nf4 Rb6 46.Re1+ Kf6 47.Ke3 Bxa2 48.Kd4 Rb4+ 49.Kc5 Rb5+ 50.Kd4 Rb4+
51.Kc5 Rc4+ 52.Kd6 Re4 53.Ra1 Bc4 54.Nxd5+ Bxd5 55.Kxd5 a5 56.Ra3 a4 57.Kc5 Kg6
58.Rf3 Re8 59.Kb4 Re4+ 60.Ka3 Rd4 61.Ka2 Kf6 62.Ka3 Ke5 63.Re3+ Re4 64.Rf3 Rg4
65.Re3+ Kd4 66.Rf3 Ke4 67.Rc3 Kd4 68.Rf3 Ke4  1/2-1/2

[Event "Dos Hermanas Internet Final"]
[Site "ICC INT"]
[Date "2004.03.13"]
[Round "1.2"]
[White "Alonso,S"]
[Black "Andersson,U"]
[Result "1/2-1/2"]
[WhiteElo "2484"]
[BlackElo "2570"]

1.e4 c5 2.Nf3 Nc6 3.Bb5 g6 4.O-O Bg7 5.Re1 Nf6 6.e5 Nd5 7.Nc3 Nc7 8.Bc4 O-O
9.d3 b6 10.Bg5 d6 11.exd6 Qxd6 12.Qd2 Ne6 13.Bh6 Ncd4 14.Nxd4 Nxd4 15.Ne4 Qc6
16.Bxg7 Kxg7 17.c3 Nf5 18.a4 Bb7 19.Bb5 Qd5 20.Bc4 Qc6 21.Bb5 Qc7 22.Ng3 Nxg3
23.hxg3 Rad8 24.Qe3 e6 25.Bc4 Bc6 26.Qe5+ Qxe5 27.Rxe5 Kf6 28.Re3 Bd5 29.Bxd5 Rxd5
30.Kf1 h5 31.Ke2 Rfd8 32.a5 b5 33.a6 R8d6 34.Ra5 Rb6 35.Kd2 Ke7 36.Kc2 Kd6
37.b3 Rf5 38.Re2 Re5 39.Rxe5 Kxe5 40.c4 bxc4 41.dxc4 Kd6 42.Kc3 Kc6 43.Ra1 Kc7
44.Ra5 Kd6 45.Ra1 Kc6 46.Ra2 Rb8 47.Rd2 Kc7 48.Rd1 Rb6 49.Ra1 Rb8 50.Rd1 Rb6
51.Ra1  1/2-1/2

[Event "TCh-SWE 2003-4"]
[Site "Goteborg SWE"]
[Date "2004.03.14"]
[Round "11"]
[White "Andersson,U"]
[Black "Hector,J"]
[Result "1/2-1/2"]
[WhiteElo "2570"]
[BlackElo "2518"]

1.Nf3 d5 2.d4 Nf6 3.c4 c6 4.cxd5 cxd5 5.Nc3 Nc6 6.Bf4 Bf5 7.e3 e6 8.Ne5 Nxe5
9.Bxe5 Nd7 10.Bg3 Be7 11.Qb3 Nb6 12.Bb5+ Kf8 13.Rc1 h5 14.h3 h4 15.Bh2 g5
16.Be2 Kg7 17.O-O  1/2-1/2

[Event "5th IECC"]
[Site "Antalya TUR"]
[Date "2004.05.15"]
[Round "1"]
[White "Andersson,U"]
[Black "Bayram,Y"]
[Result "1-0"]
[WhiteElo "2570"]
[BlackElo "2292"]

1.Nf3 Nf6 2.c4 g6 3.Nc3 Bg7 4.d4 O-O 5.Bf4 c5 6.e3 cxd4 7.exd4 d5 8.h3 Be6
9.c5 Ne4 10.Bd3 Nxc3 11.bxc3 b6 12.cxb6 axb6 13.O-O Qc8 14.Qb3 Nc6 15.Qxb6 Ra3
16.Qb2 Qa8 17.Bb5 Rc8 18.Bc1 Ra7 19.a4 Na5 20.Bf4 Nc4 21.Qa2 Bd7 22.Bxd7 Rxd7
23.Rfb1 e6 24.Rb5 Bf8 25.Ne5 Nxe5 26.Bxe5 Bd6 27.Bxd6 Rxd6 28.Qb2 Kg7 29.a5 Ra6
30.Ra3 Qc6 31.Rc5 Qd7 32.Rxc8 Qxc8 33.Qe2 Qb7 34.Ra1 Qc6 35.Qe5+ f6 36.Qg3 Qb7
37.Qd3 Qc6 38.h4 h5 39.g3 Kf7 40.Kh2 Kg7 41.Ra3 Kf7 42.Qb1 Kg7 43.Rb3 Ra7
44.Qb2 g5 45.hxg5 fxg5 46.Rb6 Qc4 47.Qd2 Kf6 48.Qe3 Re7 49.Qe5+ Kf7 50.Qxg5 Qe2
51.Qf4+ Kg6 52.Rb8 h4 53.gxh4 Rg7 54.Rh8  1-0

[Event "5th IECC"]
[Site "Antalya TUR"]
[Date "2004.05.16"]
[Round "2"]
[White "Kose,S"]
[Black "Andersson,U"]
[Result "0-1"]
[WhiteElo "2244"]
[BlackElo "2570"]

1.e4 c5 2.c3 d5 3.exd5 Qxd5 4.d4 e6 5.Nf3 Nc6 6.Be2 Nf6 7.O-O cxd4 8.cxd4 Be7
9.Nc3 Qd6 10.Nb5 Qd8 11.Bf4 Nd5 12.Bg3 O-O 13.Bc4 a6 14.Bxd5 axb5 15.Bb3 Bf6
16.Be5 Bd7 17.Qe2 Na5 18.Bc2 Bc6 19.Rac1 g6 20.b3 Bxf3 21.Qxf3 Bxe5 22.dxe5 Nc6
23.Bb1 Qg5 24.Rc5 Rac8 25.Qe3 Qxe3 26.fxe3 b4 27.Rfc1 Rfd8 28.Be4 Rd2 29.Bxc6 Rxc6
30.Rxc6 bxc6 31.Rxc6 Rxa2 32.Rc4 Ra5 33.Re4 g5 34.Kf2 Kg7 35.Rxb4 Rxe5 36.Rb8 Rc5
37.h3 Rc2+ 38.Kf3 h5 39.b4 Rb2 40.b5 Kf6 41.b6 h4 42.b7 Kf5 43.g3 hxg3 44.Kxg3 Ke4
45.Kg4 Rb5 46.Rf8 Rxb7 47.Kxg5 Rb5+ 48.Kf6 Rf5+ 49.Ke7 e5 50.Rxf7 Rh5 51.Kd6 Kxe3
52.Ra7 e4 53.Ke6 Kf3 54.Kf6 e3  0-1

[Event "5th IECC"]
[Site "Antalya TUR"]
[Date "2004.05.18"]
[Round "4"]
[White "Andersson,U"]
[Black "Aronian,L"]
[Result "1/2-1/2"]
[WhiteElo "2570"]
[BlackElo "2645"]

1.Nf3 Nf6 2.c4 e6 3.g3 d5 4.d4 a6 5.Qc2 dxc4 6.Qxc4 b5 7.Qb3 Bb7 8.Bg2 c5
9.dxc5 Nbd7 10.Be3 Nxc5 11.Bxc5 Bxc5 12.O-O O-O 13.Ne5 Bxg2 14.Kxg2 Qc7 15.Nd3 Qb7+
16.Kg1 Bb6 17.Nd2 e5 18.Nxe5 Rae8 19.Qf3 Qe7 20.Nd3 Qxe2 21.Rad1 Qe6 22.a3 Rd8
23.Rfe1 Qh3  1/2-1/2

[Event "5th IECC"]
[Site "Antalya TUR"]
[Date "2004.05.20"]
[Round "5"]
[White "Jobava,Ba"]
[Black "Andersson,U"]
[Result "1/2-1/2"]
[WhiteElo "2616"]
[BlackElo "2570"]

1.d4 Nf6 2.c4 e6 3.Nf3 d5 4.Nc3 Nbd7 5.Bg5 Be7 6.e3 O-O 7.Qc2 c5 8.Rd1 Qa5
9.cxd5 Nxd5 10.Bxe7 Nxe7 11.Bd3 Nf6 12.O-O cxd4 13.Nxd4 h6 14.Be2 Bd7 15.Bf3 Rab8
16.Rd3 Rfc8 17.Qd2 Be8 18.Rd1 Qb6 19.h3 a6 20.Ne4 Nxe4 21.Bxe4 Qa7 22.Qb4 Qc5
23.Qxc5 Rxc5 24.Nb3 Rcc8 25.Rd6 Bc6 26.Bxc6 Nxc6 27.Nc5 Ne5 28.b4 a5 29.a3 b6
30.Nd7  1/2-1/2

[Event "5th IECC"]
[Site "Antalya TUR"]
[Date "2004.05.21"]
[Round "6"]
[White "Krasenkow,M"]
[Black "Andersson,U"]
[Result "1/2-1/2"]
[WhiteElo "2609"]
[BlackElo "2570"]

1.Nf3 c5 2.c4 g6 3.d4 cxd4 4.Nxd4 Nc6 5.e4 Nf6 6.Nc3 d6 7.f3 Bg7 8.Be3 O-O
9.Qd2 Nxd4 10.Bxd4 Qa5 11.a3 Be6 12.b4 Qd8 13.Be2 Nd7 14.Bxg7 Kxg7 15.O-O a5
16.Nd5 Bxd5 17.exd5 Qb6+ 18.Kh1 axb4 19.axb4 Nf6 20.Rfe1 Qf2 21.Rf1 Rxa1
22.Rxa1 Rc8 23.Rf1 Qa7 24.Re1 Qf2 25.Rf1 Qa7 26.Re1  1/2-1/2

[Event "5th IECC"]
[Site "Antalya TUR"]
[Date "2004.05.23"]
[Round "8"]
[White "Asrian,K"]
[Black "Andersson,U"]
[Result "1/2-1/2"]
[WhiteElo "2605"]
[BlackElo "2570"]

1.e4 e6 2.d4 d5 3.Nc3 Nf6 4.Bd3 c5 5.Nf3 Nc6 6.exd5 Nxd5 7.Nxd5 Qxd5 8.dxc5 Bxc5
9.a3 Bd7 10.O-O Ne5 11.Be2 Qxd1 12.Rxd1 Nxf3+ 13.Bxf3  1/2-1/2

[Event "5th IECC"]
[Site "Antalya TUR"]
[Date "2004.05.27"]
[Round "11"]
[White "Iljushin,A"]
[Black "Andersson,U"]
[Result "1/2-1/2"]
[WhiteElo "2529"]
[BlackElo "2570"]

1.d4 Nf6 2.c4 e6 3.Nc3 Bb4 4.e3 c5 5.Ne2 d5 6.a3 Bxc3+ 7.Nxc3 cxd4 8.exd4 dxc4
9.Bxc4 Nc6 10.Be3 O-O 11.O-O b6 12.Qf3 Bb7 13.Bd3 Rb8 14.Qh3 Ne7 15.Bg5 Ng6
16.Bxg6 hxg6 17.Qh4 Rc8 18.Rad1 Rxc3 19.bxc3 Qd5 20.f3 Nh7 21.Be3 Nf6 22.Bg5 Nh7
23.Be3 Nf6 24.Bg5  1/2-1/2

[Event "5th IECC"]
[Site "Antalya TUR"]
[Date "2004.05.28"]
[Round "12"]
[White "Andersson,U"]
[Black "Anastasian,A"]
[Result "1/2-1/2"]
[WhiteElo "2570"]
[BlackElo "2587"]

1.Nf3 Nf6 2.c4 c5 3.g3 b6 4.Bg2 Bb7 5.O-O e6 6.Nc3 Be7 7.d4 cxd4 8.Qxd4 d6
9.Rd1 a6 10.b3 Nbd7 11.Bb2 O-O 12.Qe3 Qc7 13.Nd4 Bxg2 14.Kxg2 Rfd8 15.Rd2 Rab8
16.Kg1 Qc5 17.Ne4 Nxe4 18.Qxe4 Nf6 19.Qf3 Rdc8 20.Rad1 Ne8 21.a4 Bf6 22.Ba1 Qc7
23.h4 h6 24.Bb2 Qc5 25.Qd3 Rb7 26.Kg2 Rd7 27.Qf3 Rdd8 28.Ba1 Qc7 29.Nc2 Bxa1
30.Rxa1 Nf6 31.Rad1 d5 32.Ne3 dxc4 33.Nxc4 Rxd2 34.Rxd2 Rb8 35.Ne3 b5 36.axb5 Rxb5
37.Qa8+ Rb8 38.Qxa6  1/2-1/2

[Event "36th Olympiad"]
[Site "Calvia ESP"]
[Date "2004.10.18"]
[Round "4"]
[White "Galego,L"]
[Black "Andersson,U"]
[Result "1/2-1/2"]
[WhiteElo "2515"]
[BlackElo "2580"]

1.e4 e6 2.d4 d5 3.exd5 exd5 4.Nf3 Nf6 5.h3 Bf5 6.c4 Bxb1 7.Rxb1 Bb4+ 8.Bd2 Bxd2+
9.Qxd2 O-O 10.Be2 dxc4 11.O-O Nc6 12.Bxc4 Qd6 13.b4 Rad8 14.Rfd1 a6 15.a4 h6
16.b5 axb5 17.axb5 Ne7 18.Qc2 Nfd5 19.Rbc1 c6 20.bxc6 bxc6 21.Re1 Ng6 22.Bf1 Rc8
23.Qf5 Nde7  1/2-1/2

[Event "36th Olympiad"]
[Site "Calvia ESP"]
[Date "2004.10.20"]
[Round "6"]
[White "Andersson,U"]
[Black "Barrientos,S"]
[Result "1-0"]
[WhiteElo "2580"]
[BlackElo "2435"]

1.Nf3 Nf6 2.c4 c5 3.g3 d5 4.cxd5 Nxd5 5.Bg2 Nc6 6.Nc3 Nc7 7.Qa4 Bd7 8.Qe4 g6
9.Ne5 Bg7 10.Nxd7 Qxd7 11.O-O Rc8 12.d3 Ne6 13.Qd5 Qxd5 14.Bxd5 Ned4 15.Rd1 O-O
16.Bd2 Rfd8 17.Bg2 b6 18.Kf1 Nb4 19.Rab1 Ndc2 20.a3 Bxc3 21.Bxc3 Na2 22.Be1 b5
23.Ba5 Rd4 24.Rd2 Ra4 25.Rxc2 Rxa5 26.Ke1 e6 27.Kd2 b4 28.Ra1 b3 29.Rc4 Rd8
30.e3 Kf8 31.Bf3 Ke7 32.Rg1 Rd6 33.g4 f6 34.Bd1 Rb5 35.h4 e5 36.f4 exf4 37.exf4 Rd4
38.Re1+ Kf7 39.Rxd4 cxd4 40.Re4 Nc3 41.bxc3 b2 42.Bc2 dxc3+ 43.Kxc3 b1=Q
44.Bxb1 Rxb1 45.Ra4 Rb7 46.Ra6 Ke7 47.d4 Rc7+ 48.Kd3 Rd7 49.f5 gxf5 50.gxf5 Rc7
51.Ke4 Rd7 52.d5 Rb7 53.Kd4 Rd7 54.Kc5 Rc7+ 55.Rc6 Rb7 56.Re6+ Kf7 57.d6 a6
58.Kc6  1-0

[Event "36th Olympiad"]
[Site "Calvia ESP"]
[Date "2004.10.22"]
[Round "7"]
[White "Andersson,U"]
[Black "Iordachescu,V"]
[Result "1/2-1/2"]
[WhiteElo "2580"]
[BlackElo "2632"]

1.Nf3 Nf6 2.c4 e6 3.g3 d5 4.d4 dxc4 5.Qa4+ c6 6.Qxc4 b5 7.Qd3 Bb7 8.Bg2 Nbd7
9.O-O a6 10.Be3 c5 11.dxc5 Bxc5 12.Nbd2 O-O 13.Rac1 Rc8 14.Nb3 Bxe3 15.Qxe3 Bd5
16.Rxc8 Qxc8 17.Rc1 Qb8 18.Ne1 Rc8 19.Rxc8+ Qxc8 20.Bxd5 Nxd5 21.Qc1 Qxc1
22.Nxc1 Kf8 23.e4 Nb4 24.Ned3 Nc6 25.f3  1/2-1/2